Statistiques concernant Quiz sur Trinité-et-Tobago

Cliquez ici pour prendre le quiz!

Statistiques générales

  • Ce quiz a été pris 1 513 fois
  • Le résultat moyen est 11 sur 18

Statistiques - réponses

QuestionRéponse% Correct
Langue officielleAnglais
95%
Mer dans laquelle Trinité-et-Tobago se situeMer des Caraïbes
93%
Pays le plus proche sur le continentVenezuela
90%
Premier Européen à avoir posé le pied sur l'île de la TrinitéChristophe Colomb
88%
Archipel auquel Trinité-et-Tobago appartientPetites {Antilles}
87%
Devise monétaireDollar
84%
Trinité-et-Tobago est le plus petit pays (par la superficie)
à avoir participé à cette compétition, en 2006
Coupe du Monde
de football masculin
76%
CapitalePort-d'Espagne
70%
Célébration tenue chaque année pour Lundi et Mardi GrasCarnaval
66%
Principal produit d'exportationGaz naturel
61%
Ville mythique construite en or pur que Sir Walter Raleigh
cherchait lorsqu'il est arrivé sur l'île de la Trinité en 1595
El Dorado
55%
Danse trinidadienne qui consiste à passer sous un bâton sans le toucherLimbo
51%
Sport dans lequel Trinité-et-Tobago a remporté 3 médailles d'or olympiquesAthlétisme
49%
Rappeuse trinidadienne qui a notamment interprété Starships et Super BassNicki Minaj
49%
147 000 personnes venant de ce pays ont dû émigrer
vers Trinité-et-Tobago entre 1845 et 1917
Inde
33%
Chanteur, né à Trinité-et-Tobago, qui est connu pour What is LoveHaddaway
30%
Genre musical trinidadien qui est joué durant cet évènementC{alypso}
18%
Municipalité la plus peuplée{Chag}uanas
16%

Distribution des résultats

Percentile par nombre de réponses

% des personnes avec chaque résultat

Votre développement - résultats

Vous n’avez pas pris ce quiz